Laporan Tahunan 2017 / (Record no. 174515)
[ view plain ]
| 000 -LEADER | |
|---|---|
| fixed length control field | 01253nas a22003491i 4500 |
| 003 - CONTROL NUMBER IDENTIFIER | |
| control field | OSt |
| 005 - DATE AND TIME OF LATEST TRANSACTION | |
| control field | 20190930153233.0 |
| 008 - FIXED-LENGTH DATA ELEMENTS--GENERAL INFORMATION | |
| fixed length control field | 190930c20179999my ar|p| ||||a|0| a|eng d |
| 020 ## - INTERNATIONAL STANDARD BOOK NUMBER | |
| Qualifying information | paperback |
| 040 ## - CATALOGING SOURCE | |
| Original cataloging agency | PPAK |
| Language of cataloging | eng |
| Transcribing agency | PPAK |
| Description conventions | rda |
| 082 04 - DEWEY DECIMAL CLASSIFICATION NUMBER | |
| Edition number | 23 |
| Classification number | 352.1409595 |
| 090 00 - LOCALLY ASSIGNED LC-TYPE CALL NUMBER (OCLC); LOCAL CALL NUMBER (RLIN) | |
| Classification number (OCLC) (R) ; Classification number, CALL (RLIN) (NR) | 352.1409595 |
| Local cutter number (OCLC) ; Book number/undivided call number, CALL (RLIN) | MAL |
| Feature heading | R |
| 110 1# - MAIN ENTRY--CORPORATE NAME | |
| Corporate name or jurisdiction name as entry element | Malaysia. |
| Subordinate unit | Kementerian Perumahan dan Kerajaan Tempatan |
| 222 #0 - KEY TITLE | |
| Key title | Laporan tahunan |
| Qualifying information | (Kementerian Perumahan dan Kerajaan Tempatan) |
| 245 10 - TITLE STATEMENT | |
| Title | Laporan Tahunan 2017 / |
| Statement of responsibility, etc. | Kementerian Perumahan dan Kerajaan Tempatan |
| 246 31 - VARYING FORM OF TITLE | |
| Title proper/short title | 2017 Tahun Penyampaian |
| 264 #1 - PRODUCTION, PUBLICATION, DISTRIBUTION, MANUFACTURE, AND COPYRIGHT NOTICE | |
| Place of production, publication, distribution, manufacture | Kuala Lumpur, Malaysia : |
| Name of producer, publisher, distributor, manufacturer | Kementerian Perumahan dan Kerajaan Tempatan, |
| Date of production, publication, distribution, manufacture, or copyright notice | 2017- |
| 300 ## - PHYSICAL DESCRIPTION | |
| Extent | 175 pages : |
| Other physical details | colour photographs ; |
| Dimensions | 30 cm |
| 310 ## - CURRENT PUBLICATION FREQUENCY | |
| Current publication frequency | Annual |
| 336 ## - CONTENT TYPE | |
| Source | rdacontent |
| Content type term | text |
| 337 ## - MEDIA TYPE | |
| Source | rdamedia |
| Media type term | unmediated |
| 338 ## - CARRIER TYPE | |
| Source | rdacarrier |
| Carrier type term | volume |
| 362 00 - DATES OF PUBLICATION AND/OR SEQUENTIAL DESIGNATION | |
| Dates of publication and/or sequential designation | 2017- |
| 365 ## - TRADE PRICE | |
| Price type code | 01 |
| Price note | Free |
| 500 ## - GENERAL NOTE | |
| General note | Description based on 2017 |
| 610 2# - SUBJECT ADDED ENTRY--CORPORATE NAME | |
| Corporate name or jurisdiction name as entry element | Malaysia. |
| Subordinate unit | Kementerian Perumahan dan Kerajaan Tempatan |
| Form subdivision | Periodicals |
| 650 10 - SUBJECT ADDED ENTRY--TOPICAL TERM | |
| Topical term or geographic name entry element | Municipal government |
| Geographic subdivision | Malaysia |
| Form subdivision | Periodical |
| General subdivision | Societies |
| Topical term or geographic name entry element | Local government |
| Geographic subdivision | Malaysia |
| Form subdivision | Periodicals |
| Topical term or geographic name entry element | Business enterprises |
| Geographic subdivision | Malaysia |
| Form subdivision | Periodical |
| 850 ## - HOLDING INSTITUTION | |
| Holding institution | PPAK |
| 942 ## - ADDED ENTRY ELEMENTS (KOHA) | |
| Source of classification or shelving scheme | Dewey Decimal Classification |
| Koha item type | Book |
| Withdrawn status | Lost status | Source of classification or shelving scheme | Damaged status | Not for loan | Collection code | Home library | Current library | Shelving location | Date acquired | Source of acquisition | Cost, normal purchase price | Full call number | Barcode | Date last seen | Copy number | Cost, replacement price | Price effective from | Koha item type |
|---|---|---|---|---|---|---|---|---|---|---|---|---|---|---|---|---|---|---|
| Dewey Decimal Classification | Not For Loan | RFID | Perpustakaan Alor Setar | Perpustakaan Alor Setar | R | 07/11/2019 | Hadiah : Kementerian Perumahan dan Kerajaan Tempatan | 0.00 | R 352.1409595 MAL | A00737860 | 07/11/2019 | H041860 | 10.00 | 07/11/2019 | Book |